Les 10 départements composant la région Grand Est - Statistiques

Statistiques générales
  • Ce quiz a été pris 315 fois
  • Le résultat moyen est 8 sur 10
Statistiques - réponses
Départements % Correct
Moselle
94%
Bas-Rhin
90%
Haut-Rhin
90%
Meurthe et Moselle
87%
Ardennes
85%
Meuse
82%
Vosges
82%
Marne
81%
Haute-Marne
76%
Aube
72%
Aucun quiz correspondant
Distribution des résultats
% des personnes avec chaque résultat
Percentile par nombre de réponses
Votre historique - résultats
Vous n’avez pas pris ce quiz